00422cam a22001331 4500082002900000100002800029245002500057250001300082260003900095300003800134500007100172526003700243650000800280 a320.09773bSAYcL-28,P-41 aSayre, Wallace Stanley,10aAmerican government. a14th ed. aNew York,bBarnes & Noblec[c1960] axix, 315 p.bmap, diagrs.c21 cm. aPublished in 1932 under title: An outline of American government. a0b0c0d320_097730000000000_SAY aMCE